000 00424nam a2200181Ia 4500
001 3345
005 20260306145636.0
008 260306t2006||||xx |||||||||||||| ||spa||
041 _aESP
082 _a270
_bL535
100 _aLenzenweger, Josef
_eAUT
245 0 _aHistoria de la Iglesia católica
260 _c2006
300 _a730 páginas :
_c24 cm.
650 _aGEN
654 _aCHU
942 _cLIB
_dJUS
_fJUS
_2ddc
_n
999 _c3345
_d3345